[Event "Tourn. n9991"]
[Site "www.echecsemail.com"]
[Date "2018.11.06"]
[Round "1"]
[White "Fantomas"]
[Black "Tonino1"]
[WhiteElo "2160"]
[BlackElo "2120"]
[Result "0-1"]
[Round "1"]
1.e4 d6
2.d4 Ng8f6
3.Nb1c3 c6
4.h3 g6
5.Bc1g5 Bf8g7
6.Qd1f3 O-O
7.O-O-O Qd8c7
8.Qf3e3 Rf8e8
9.f4 h6
10.Bg5h4 Nb8d7
11.Bf1c4 e5
12.dxe5 dxe5
13.f5 g5
14.Bh4f2 b5
15.Bc4b3 b4
16.Nc3a4 c5
17.Qe3d3 Bc8b7
18.Bb3d5 Nf6xd5
19.exd5 e4
20.Qd3c4 Qc7f4
21.Kb1 Qf4xf2
22.Qc4e2 Qf2xe2
23.Ng1xe2 Re8e5
24.c4 bxc3
25.Na4xc3 Ra8e8
26.g4 Nd7f6
27.d6 Re8d8
28.Rh1e1 Nf6d5
29.Nc3xd5 Re5xd5
30.Rd1c1 Rd8xd6
{ resign }
0-1

[Event "Match"]
[Site "www.echecsemail.com"]
[Date "2018.11.06"]
[Round "1"]
[White "Aiko1603"]
[Black "Apdash"]
[WhiteElo "2090"]
[BlackElo "2190"]
[Result "0-1"]
[Round "1"]
1.c4 e5
2.Nb1c3 Bf8b4
3.Qd1b3 a5
4.a3 Bb4xc3
5.Qb3xc3 Nb8c6
6.g3 d6
7.Bf1g2 Ng8e7
8.d3 Nc6d4
9.Bc1e3 c5
10.Be3xd4 cxd4
11.Qc3d2 Ra8b8
12.Ng1f3 O-O
13.O-O b5
14.b3 Bc8d7
15.Nf3g5 a4
16.b4 h6
17.Ng5e4 bxc4
18.Ne4xd6 c3
19.Qd2c2 Bd7e6
20.Nd6c4 Qd8d7
21.Nc4xe5 Qd7d6
22.Ne5c4 Qd6d7
23.e3 Rf8c8
24.exd4 Qd7xd4
25.Rf1e1 Ne7g6
26.Re1e4 Qd4f6
27.Qc2xa4 Be6xc4
28.Re4xc4 Rc8xc4
29.dxc4 Rb8d8
30.Qa4c2 Rd8d2
31.Qc2c1 Qf6xf2
{ resign }
0-1

[Event "Tourn. n9960"]
[Site "www.echecsemail.com"]
[Date "2018.11.06"]
[Round "1"]
[White "Jjmcbride"]
[Black "Hansen"]
[WhiteElo "1540"]
[BlackElo "1590"]
[Result "0-1"]
[Round "1"]
1.e4 e5
2.b3 a6
3.Bc1b2 Qd8f6
4.d4 Bf8b4
5.c3 Bb4a5
6.d5 Ng8h6
7.Qd1h5 Nh6g4
8.Qh5xg4 O-O
9.Nb1d2 d6
10.Qg4g3 c6
11.Nd2c4 b6
 { time }
0-1

[Event "Match"]
[Site "www.echecsemail.com"]
[Date "2018.11.06"]
[Round "1"]
[White "Luke1302"]
[Black "Zack1984"]
[WhiteElo "1390"]
[BlackElo "1370"]
[Result "0-1"]
[Round "1"]
1.e4 Ng8f6
2.Nb1c3 g6
3.d3 Bf8g7
4.b4 Nf6xe4
5.Bc1b2 Ne4xc3
6.Qd1d2 Nc3e4
7.Qd2c1 Ne4f6
8.Bb2xf6 Bg7xf6
9.c3 e5
10.Ng1f3 d5
11.Qc1c2 Bc8f5
12.Qc2a4 Nb8d7
13.d4 e4
14.Nf3d2 Bf6g5
15.f4 Bg5xf4
16.Nd2b3 Qd8h4
17.g3 Bf4xg3
18.Kd1 O-O
19.Qa4a3 e3
20.Rh1g1 Qh4xh2
21.Rg1g2 Qh2h1
22.Nb3d2 exd2
23.Rg2xd2 Qh1xf1

0-1

[Event "Tourn. n9936"]
[Site "www.echecsemail.com"]
[Date "2018.11.06"]
[Round "1"]
[White "Picifarkinca"]
[Black "Euwe1983"]
[WhiteElo "1670"]
[BlackElo "1319"]
[Result "1-0"]
[Round "1"]
1.d4 b5
2.Ng1f3 Nb8a6
3.Nb1d2 c5
4.e3 c4
5.c3 Bc8b7
6.Bf1e2 Ng8h6
7.O-O Nh6g4
8.e4 Qd8c7
9.e5 e6
10.Qd1c2 f6
11.h3 fxe5
12.hxg4 exd4
13.Nf3xd4 Bb7d5
14.Be2f3 Qc7e5
15.Bf3xd5 Bf8d6
16.Nd2f3 Qe5xd5
17.Rf1e1 h5
18.Qc2e4 Na6c5
19.Qe4xd5 Ra8d8
20.Qd5xd6 Nc5d3
21.Bc1g5 hxg4
22.Qd6e7 
1-0

[Event "Tourn. n9968"]
[Site "www.echecsemail.com"]
[Date "2018.11.06"]
[Round "1"]
[White "Drawlward"]
[Black "Foxy100"]
[WhiteElo "2690"]
[BlackElo "2340"]
[Result "1-0"]
[Round "1"]
1.e4 e5
2.Ng1f3 Nb8c6
3.Bf1b5 a6
4.Bb5a4 Ng8f6
5.O-O Nf6xe4
6.d4 b5
7.Ba4b3 d5
8.dxe5 Bc8e6
9.c3 Ne4c5
10.Bb3c2 Bf8e7
11.Nf3d4 Qd8d7
12.Nd4xe6 Nc5xe6
13.f4 Ne6c5
14.b4 Nc5a4
15.a3 g6
16.Qd1f3 Ra8d8
17.Rf1e1 Be7h4
18.g3 Qd7h3
19.f5 Bh4e7
20.f6 Be7f8
21.Bc1f4 { resign }
1-0

[Event "Tourn. n9973"]
[Site "www.echecsemail.com"]
[Date "2018.11.07"]
[Round "1"]
[White "Osopanda"]
[Black "Ranjachess"]
[WhiteElo "1840"]
[BlackElo "1810"]
[Result "0-1"]
[Round "1"]
1.e4 e5
2.Ng1f3 d6
3.d4 Bc8g4
4.dxe5 Bg4xf3
5.Qd1xf3 dxe5
6.Bf1c4 Ng8f6
7.Bc1g5 Bf8e7
8.Nb1d2 h6
9.Bg5e3 O-O
10.O-O-O c6
11.h3 b5
12.Bc4b3 Nb8d7
13.g4 Nf6h7
14.Nd2f1 { time. }
0-1

[Event "Match"]
[Site "www.echecsemail.com"]
[Date "2018.11.07"]
[Round "1"]
[White "Zack1984"]
[Black "Hundegana"]
[WhiteElo "1370"]
[BlackElo "2030"]
[Result "1-0"]
[Round "1"]
1.b4 e5
2.Bc1b2 e4
3.e3 Ng8f6
4.b5 a6
5.a4 axb5
6.axb5 Ra8xa1
7.Bb2xa1 Bf8c5
8.c4 O-O
9.d4 exd3
10.Bf1xd3 c6
11.Ng1f3 d6
12.Nb1d2 Nb8d7
13.bxc6 bxc6
14.Qd1c2 Qd8a5
15.O-O Nd7e5
16.Nf3xe5 dxe5
17.Nd2b3 Qa5b6
18.Ba1xe5 h6
19.Be5xf6 gxf6
20.Rf1b1 Qb6c7
21.Nb3xc5 Bc8g4
22.Nc5e4 f5
23.Ne4f6 Kg7
24.Qc2c3 Kg6
25.Nf6xg4 f6
26.Bd3xf5 Kxf5
27.Qc3d3 Kxg4
28.Qd3g6 Kh4
29.g3 Kh3
30.Qg6h5 { resign }
1-0

[Event "Tourn. n9982"]
[Site "www.echecsemail.com"]
[Date "2018.11.07"]
[Round "1"]
[White "Jazzy"]
[Black "Apdash"]
[WhiteElo "2260"]
[BlackElo "2320"]
[Result "0-1"]
[Round "1"]
1.Ng1f3 d5
2.b3 Ng8f6
3.Bc1b2 e6
4.e3 c5
5.Bf1e2 Bf8e7
6.O-O O-O
7.c4 Nb8c6
8.Nb1c3 { time. }
0-1

[Event "Tourn. n9978"]
[Site "www.echecsemail.com"]
[Date "2018.11.07"]
[Round "1"]
[White "Picifarkinca"]
[Black "Osopanda"]
[WhiteElo "1670"]
[BlackElo "1850"]
[Result "1-0"]
[Round "1"]
1.d4 d5
2.c4 c6
3.Ng1f3 Ng8f6
4.Nb1c3 Nb8d7
5.e3 e6
6.Qd1c2 Bf8d6
7.c5 Bd6b8
8.b4 O-O
{ time. }
1-0

[Event "Tourn. n9984"]
[Site "www.echecsemail.com"]
[Date "2018.11.07"]
[Round "1"]
[White "Fantomas"]
[Black "Drill64"]
[WhiteElo "2150"]
[BlackElo "2169"]
[Result "0-1"]
[Round "1"]
1.e4 c5
2.Ng1f3 Nb8c6
3.b3 d5
4.exd5 Qd8xd5
5.Bf1e2 e5
6.Nb1c3 Qd5d8
7.h3 g6
8.Bc1b2 Bf8g7
9.O-O Ng8e7
10.Nc3e4 b6
11.Be2b5 O-O
12.Rf1e1 Bc8b7
13.Bb5f1 Qd8c7
14.Ne4g3 h6
15.Bf1c4 Nc6a5
16.Bc4f1 Na5c6
17.c3 Ra8d8
18.Qd1c2 f5
19.Ra1d1 e4
20.Nf3h2 Nc6e5
21.c4 Ne5d3
22.Bf1xd3 Rd8xd3
23.Bb2xg7 Kxg7
24.Re1e3 f4
25.Re3xd3 exd3
26.Qc2c3 Kg8
27.Ng3f1 Qc7d6
28.Rd1e1 Ne7f5
29.f3 Qd6d4
30.Qc3xd4 Nf5xd4
31.Kf2 h5
32.h4 Kf7
33.g3 Kg8
34.gxf4 Rf8xf4
35.Re1e5 Nd4xf3
36.Kg3 Rf4f7
37.Re5e8 Kg7
{ resign }
0-1

[Event "Tourn. n9973"]
[Site "www.echecsemail.com"]
[Date "2018.11.07"]
[Round "1"]
[White "Picifarkinca"]
[Black "Iko"]
[WhiteElo "1670"]
[BlackElo "1830"]
[Result "1-0"]
[Round "1"]
1.Ng1f3 Nb8c6
2.d4 d5
3.e3 Bc8g4
4.c3 Qd8d6
5.h3 Bg4xf3
6.Qd1xf3 Ng8f6
7.Bf1d3 O-O-O
8.O-O Nc6a5
9.Nb1d2 g5
10.e4 dxe4
11.Nd2xe4 Nf6xe4
12.Bd3xe4 f6
13.b3 c6
14.Bc1b2 h5
15.Qf3f5 Rd8d7
16.Qf5xa5 b6
17.Qa5a6 Rd7b7
18.Qa6e2 b5
19.Be4f5 Kb8
20.Qe2e6 Qd6c7
21.Bb2a3 Qc7a5
22.Qe6c8 
1-0

[Event "Match"]
[Site "www.echecsemail.com"]
[Date "2018.11.07"]
[Round "1"]
[White "Geodad5"]
[Black "Apdash"]
[WhiteElo "2100"]
[BlackElo "2350"]
[Result "0-1"]
[Round "1"]
1.e4 e5
2.Ng1f3 Nb8c6
3.d4 exd4
4.Nf3xd4 Ng8e7
5.Bf1e2 d5
6.Nd4xc6 bxc6
7.e5 Ne7g6
8.f4 Bf8c5
9.g3 Bc8h3
10.Nb1c3 Bh3g2
11.Be2f3 Bg2xh1
12.Bf3xh1 Ra8b8
13.Nc3a4 Qd8e7
14.b3 O-O
15.Kf1 f6
16.exf6 Rf8xf6
17.Bc1b2 Rf6f7
18.Bh1f3 Rb8f8
19.Kg2 Bc5d6
20.Qd1d2 Bd6xf4
21.gxf4 Rf7xf4
22.Bf3xd5 cxd5
{ resign }
0-1

[Event "Tourn. n9989"]
[Site "www.echecsemail.com"]
[Date "2018.11.07"]
[Round "1"]
[White "Bojan"]
[Black "Tonino1"]
[WhiteElo "1980"]
[BlackElo "2120"]
[Result "0-1"]
[Round "1"]
1.e4 d6
2.d4 Ng8f6
3.Nb1c3 c6
4.h3 Qd8c7
5.Ng1f3 e5
6.d5 c5
7.Bc1d2 Bc8d7
8.Bf1d3 c4
9.Bd3f1 b5
10.b3 b4
11.Nc3a4 c3
12.Bd2g5 Nf6xe4
13.Bf1d3 Ne4xg5
14.Nf3xg5 g6
15.Qd1f3 Bd7xa4
16.bxa4 a6
17.Qf3f6 Rh8g8
18.Ng5e4 Bf8e7
19.Qf6f3 f5
20.Ne4g3 e4
21.Ng3xe4 fxe4
22.Bd3xe4 Rg8f8
23.Qf3d3 Nb8d7
24.O-O Nd7e5
25.Qd3e3 O-O-O
26.a3 Ne5c4
27.Qe3e2 a5
28.axb4 axb4
29.Be4d3 Nc4b6
30.Qe2e4 Qc7b7
31.Qe4e6 Kb8
32.a5 Nb6c8
33.Qe6e4 Rf8f5
34.Bd3c4 Rf5e5
35.Qe4d3 Nc8a7
36.Rf1b1 Rd8c8
37.Bc4a6 Qb7xd5
38.Rb1xb4 Kc7
39.Qd3xc3 Kd8
40.Ba6xc8 Na7xc8
41.Rb4b8 Qd5c5
42.Qc3b3 Be7f6
43.a6 Re5e2
44.Qb3f3 Re2xf2
45.Qf3b7 Rf2xc2
46.Kh1 Bf6xa1
47.Qb7f3 Rc2c1
48.Kh2 Ba1e5
49.g3 Qc5g1
{ resign }
0-1

[Event "Tourn. n9948"]
[Site "www.echecsemail.com"]
[Date "2018.11.07"]
[Round "1"]
[White "Passaroa25"]
[Black "Roque1"]
[WhiteElo "1700"]
[BlackElo "1820"]
[Result "0-1"]
[Round "1"]
1.Nb1c3 e5
2.e4 Nb8c6
3.d3 Ng8f6
4.f3 Bf8c5
5.Ng1e2 O-O
6.Bc1d2 d6
7.Bd2g5 Bc8e6
8.Ne2g3 h6
9.Nc3a4 hxg5
10.Na4xc5 dxc5
11.Bf1e2 Nc6d4
12.c4 c6
13.b3 Qd8a5
14.Kf2 b5
15.Rh1e1 bxc4
16.dxc4 Rf8d8
17.Be2d3 Rd8d7
18.Ng3e2 Nd4xe2
19.Qd1xe2 Ra8d8
20.Re1d1 Nf6h5
21.g4 Nh5f4
22.Qe2f1 Nf4xd3
23.Rd1xd3 Rd7xd3
24.Kg3 Qa5d2
25.Ra1d1 Qd2f4
26.Kf2 Qf4xf3
27.Kg1 Rd3xd1
{ resign }
0-1

[Event "Tourn. n9960"]
[Site "www.echecsemail.com"]
[Date "2018.11.07"]
[Round "1"]
[White "Passaroa25"]
[Black "Jjmcbride"]
[WhiteElo "1670"]
[BlackElo "1540"]
[Result "1-0"]
[Round "1"]
1.Nb1c3 d5
2.d4 c6
3.Bc1f4 e6
4.e3 Bf8d6
5.Bf1d3 b5
6.Bf4e5 Bd6xe5
7.dxe5 Qd8g5
8.Qd1f3 Qg5xe5
9.O-O-O Ng8e7
10.Ng1e2 Qe5g5
11.g3 e5
12.h4  { time }
1-0

[Event "Tourn. n9948"]
[Site "www.echecsemail.com"]
[Date "2018.11.07"]
[Round "1"]
[White "Passaroa25"]
[Black "Drill64"]
[WhiteElo "1700"]
[BlackElo "1849"]
[Result "0-1"]
[Round "1"]
1.Nb1c3 c5
2.e4 a6
3.Ng1f3 Nb8c6
4.d3 g6
5.Bc1d2 Bf8g7
6.Bf1e2 d6
7.Ra1b1 e6
8.O-O Ng8e7
9.Qd1c1 Nc6d4
10.Be2d1 O-O
11.a4 Ra8b8
12.b3 Ne7c6
13.Bd2g5 Bg7f6
14.Bg5h6 Nd4xf3
15.Bd1xf3 Bf6xc3
16.Bh6xf8 Qd8xf8
17.Rf1d1 Bc3g7
18.Qc1d2 Nc6d4
19.c3 Nd4xf3
20.gxf3 e5
21.c4 Bc8h3
22.Qd2e3 Bg7h6
23.Qe3e2 Bh6f4
24.Qe2c2 Qf8h6
25.Qc2e2 Qh6g5
{ resign }
0-1

[Event "Tourn. n9950"]
[Site "www.echecsemail.com"]
[Date "2018.11.07"]
[Round "1"]
[White "Szustan"]
[Black "Stepanpech"]
[WhiteElo "2570"]
[BlackElo "2540"]
[Result "1-0"]
[Round "1"]
1.e4 c6
2.d4 d5
3.Nb1c3 dxe4
4.Nc3xe4 Bc8f5
5.Ne4g3 Bf5g6
6.h4 h6
7.Ng1f3 Nb8d7
8.h5 Bg6h7
9.Bf1d3 Bh7xd3
10.Qd1xd3 e6
11.Bc1f4 Qd8a5
12.Bf4d2 Qa5c7
13.O-O-O Ng8f6
14.Ng3e4 O-O-O
15.g3 Nf6xe4
16.Qd3xe4 Nd7f6
17.Qe4e2 Bf8d6
18.Nf3e5 c5
19.Rh1h4 Bd6xe5
20.Qe2xe5 Rd8xd4
21.Qe5xc7 Kxc7
{ time. }
1-0

[Event "Tourn. n9934"]
[Site "www.echecsemail.com"]
[Date "2018.11.07"]
[Round "1"]
[White "Rons"]
[Black "Jazzy"]
[WhiteElo "2660"]
[BlackElo "2270"]
[Result "1-0"]
[Round "1"]
1.e4 d6
2.d4 Ng8f6
3.Nb1c3 g6
4.f4 Bf8g7
5.Ng1f3 O-O
6.Bf1d3 c6
7.O-O b6
8.Qd1e2 c5
9.e5 Nf6e8
10.dxc5 bxc5
11.Bc1e3 Bc8b7
12.f5 Nb8d7
13.fxg6 Bb7xf3
14.gxh7 Kh8
15.Rf1xf3 Nd7xe5
16.Rf3h3 Ne8f6
17.Ra1f1 Ra8c8
18.Bd3a6 Rc8b8
19.Be3c1 Rb8b4
20.b3 Rb4g4
21.Kh1 Qd8d7
22.a4 Qd7e6
23.Bc1f4 Ne5g6
24.Qe2xe6 fxe6
25.Bf4d2 Nf6e4
26.Rf1xf8 Ng6xf8
27.Nc3xe4 Rg4xe4
28.Ba6d3 Re4g4
29.Rh3f3 Bg7f6
30.h3 Rg4g7
31.Bd2h6 Nf8xh7
32.Bh6xg7 Kxg7
33.Bd3xh7 Kxh7
34.g3 Kg6
35.Kg2 d5
36.h4 a5
37.c4 Bf6e5
38.Rf3f8 d4
39.Kf3 Kg7
40.Rf8c8 Be5d6
41.g4 Kg6
42.Ke4 { resign }
1-0

[Event "Tourn. n9967"]
[Site "www.echecsemail.com"]
[Date "2018.11.07"]
[Round "1"]
[White "Bojan"]
[Black "Fabos12"]
[WhiteElo "1910"]
[BlackElo "1940"]
[Result "0-1"]
[Round "1"]
1.e4 e6
2.d4 Nb8c6
3.a3 d5
4.exd5 exd5
5.h3 Ng8f6
6.c3 Bf8d6
7.Bf1d3 O-O
8.Qd1c2 Rf8e8
9.Ng1e2 a6
10.Bc1e3 g6
11.Nb1d2 Nf6d7
12.h4 Nd7f8
13.Be3h6 Nc6e7
14.Bh6g5 Nf8e6
15.Bg5e3 c5
16.dxc5 Ne6xc5
17.h5 Nc5xd3
18.Qc2xd3 Bc8f5
19.Qd3d4 Ne7c6
20.Qd4xd5 Re8xe3
21.Kf1 Bf5e6
22.Qd5xc6 Re3xe2
23.Qc6xb7 Re2xd2
24.hxg6 Be6c4
25.Ke1 Rd2e2
26.Kd1 Bd6f4
{ resign }
0-1

[Event "Tourn. n9978"]
[Site "www.echecsemail.com"]
[Date "2018.11.07"]
[Round "1"]
[White "Osopanda"]
[Black "Cal"]
[WhiteElo "1850"]
[BlackElo "1750"]
[Result "0-1"]
[Round "1"]
1.e4 e5
2.Ng1f3 d6
3.d4 exd4
4.Nf3xd4 h6
5.Bf1c4 Ng8f6
6.Nb1c3 c5
7.Nd4f3 Nb8c6
8.O-O Bf8e7
9.Rf1e1 O-O
10.Bc1f4 a6
11.e5 { time. }
0-1

[Event "Tourn. n9954"]
[Site "www.echecsemail.com"]
[Date "2018.11.07"]
[Round "1"]
[White "Jazzy"]
[Black "Kuriero"]
[WhiteElo "2290"]
[BlackElo "2250"]
[Result "1/2-1/2"]
[Round "1"]
1.Ng1f3 Ng8f6
2.d4 d5
3.c4 e6
4.g3 Bf8b4
5.Bc1d2 Bb4e7
6.Bf1g2 O-O
7.O-O Nb8d7
8.c5 c6
9.Nb1c3 b6
10.b4 a5
11.a3 Nf6e4
12.Nc3xe4 dxe4
13.Nf3e1 f5
14.Qd1b3 Nd7f6
15.Ne1c2 a4
16.Qb3b2 bxc5
17.Rf1d1 cxd4
18.Nc2xd4 Qd8b6
19.e3 c5
20.Nd4e2 Bc8a6
21.Ne2c3 Ba6c4
{ draw }
1/2-1/2

[Event "Tourn. n9835"]
[Site "www.echecsemail.com"]
[Date "2018.11.07"]
[Round "1"]
[White "Iko"]
[Black "Azulmarino"]
[WhiteElo "1700"]
[BlackElo "1650"]
[Result "0-1"]
[Round "1"]
1.e4 e5
2.Ng1f3 Nb8c6
3.Bf1b5 a6
4.Bb5xc6 dxc6
5.Nf3xe5 Ng8f6
6.O-O Bc8e6
7.Qd1f3 Bf8d6
8.Qf3g3 Nf6h5
9.Qg3c3 Nh5f4
10.g3 Nf4h3
11.Kg2 Nh3g5
12.d4 Be6h3
13.Kg1 Ng5xe4
14.Qc3e3 Bh3f5
15.Qe3f4 Qd8f6
16.g4 Qf6h4
17.Qf4xf5 O-O
18.Qf5xe4 Ra8e8
19.Qe4g2 Bd6xe5
20.dxe5 Re8xe5
21.Qg2g3 Qh4d8
22.Qg3xe5 Rf8e8
23.Qe5h5 Qd8f6
24.g5 Qf6f5
25.Bc1e3 h6
26.Nb1d2 Kh7
27.gxh6 Qf5xh5
28.hxg7 Re8g8
29.Be3d4 Qh5g6
30.Kh1 Qg6xc2
31.Nd2e4 Qc2xe4
32.f3 Qe4xd4
33.Rf1g1 Qd4e3
34.Ra1f1 Qe3e2
35.f4 Qe2e4
36.Rg1g2 Rg8xg7
37.Rf1f2 Qe4e1
38.Rf2f1 Qe1e4
39.Rf1g1 Rg7g6
40.f5 Rg6f6
41.Rg1f1 Rf6xf5
42.Kg1 Qe4e3
43.Rg2f2 Rf5g5
44.Kh1 Qe3e4
45.Rf2f3 Qe4c2
46.Rf3xf7 Kh6
47.Rf1f6 Kh5
48.Rf6f2 Qc2c1
49.Rf2f1 Qc1xb2
50.Rf7h7 Kg4
51.Rf1g1 Kf4
52.Rh7xc7 Rg5h5
53.Rc7f7 Ke5
54.Rg1e1 Kd5
55.Rf7d7 Kc5
56.Re1e7 Qb2xh2

0-1

[Event "Match"]
[Site "www.echecsemail.com"]
[Date "2018.11.07"]
[Round "1"]
[White "Tonino1"]
[Black "Aiko1603"]
[WhiteElo "2120"]
[BlackElo "2090"]
[Result "1-0"]
[Round "1"]
1.f4 c5
2.e3 Nb8c6
3.d4 cxd4
4.exd4 d5
5.c3 g6
6.Bf1d3 Bf8g7
7.Ng1f3 Ng8f6
8.O-O O-O
9.Nf3e5 Nf6d7
10.Qd1e2 Nd7xe5
11.fxe5 e6
12.Bc1e3 a6
13.Qe2d2 Nc6e7
14.Be3g5 Qd8c7
15.Bg5f6 Ne7f5
16.g4 Bg7xf6
17.gxf5 Bf6g7
18.f6 Bg7h8
19.Qd2h6 { resign }
1-0

[Event "1/128 Finale"]
[Site "www.chess-mail.com"]
[Date "2018.11.07"]
[Round "1"]
[White "Osopanda"]
[Black "Hennie4820"]
[WhiteElo "1840"]
[BlackElo "1980"]
[Result "0-1"]
[Round "1"]
1.e4 c5
2.Ng1f3 e6
3.c3 Nb8c6
4.d4 cxd4
5.cxd4 Ng8f6
6.Nb1c3 d6
7.Bf1b5 a6
8.Bb5d3 Bf8e7
9.O-O O-O
10.e5 dxe5
11.dxe5 Nf6d5
12.Qd1e2 Nd5xc3
13.bxc3 b5
14.Bc1f4 Bc8b7
15.Rf1d1 Qd8c7
16.c4 bxc4
17.Bd3c2 Nc6b4
18.Bc2e4 Bb7xe4
19.Qe2xe4 Nb4d3
20.Rd1xd3 cxd3
21.Qe4xd3 Rf8d8
22.Qd3e2 h6
23.g4 Rd8d5
24.g5 hxg5
25.Bf4g3 { time. }
0-1

[Event "1/16 Finale"]
[Site "www.chess-mail.com"]
[Date "2018.11.07"]
[Round "1"]
[White "Szustan"]
[Black "Bojan"]
[WhiteElo "2580"]
[BlackElo "1990"]
[Result "1-0"]
[Round "1"]
1.e4 e5
2.Ng1f3 d6
3.d4 exd4
4.Nf3xd4 c5
5.Bf1b5 Bc8d7
6.Bb5xd7 Qd8xd7
7.Nd4f5 g6
8.Nf5e3 Bf8g7
9.Ne3c4 Ke7
10.Bc1f4 d5
11.exd5 Bg7xb2
12.Nc4xb2 f6
13.O-O Kf7
14.Nb1c3 Nb8a6
15.Nb2c4 b5
16.Nc4d6 Kg7
17.h4 h6
18.Ra1b1 b4
19.Qd1d3 Na6c7
20.h5 f5
21.Nc3a4 Qd7xa4
22.Bf4e5 Ng8f6
23.Qd3g3 g5
24.Be5xf6 Kxf6
25.Rb1e1 Nc7xd5
26.Qg3e5 { resign }
1-0

[Event "Fast Game"]
[Site "www.echecsemail.com"]
[Date "2018.11.07"]
[Round "1"]
[White "Apdash"]
[Black "Tonino1"]
[WhiteElo "1830"]
[BlackElo "1880"]
[Result "0-1"]
[Round "1"]
1.e4 d6
2.Ng1f3 Ng8f6
3.Nb1c3 c6
4.d4 Qd8c7
5.Bc1g5 h6
6.Bg5h4 g5
7.Bh4g3 Nf6h5
8.e5 Nh5xg3
9.exd6 exd6
10.fxg3 Bf8g7
11.Bf1e2 O-O
12.O-O Nb8d7
13.Nc3e4 f5
14.Ne4xg5 hxg5
15.Nf3xg5 Nd7f6
16.Be2d3 Nf6g4
17.Rf1f4 Qc7e7
18.h3 Qe7e3
19.Kh1 Qe3xg3
20.Rf4xg4 fxg4
21.Bd3h7 Kh8
22.Qd1d3 Qg3xd3
23.cxd3 Bg7h6
{ resign }
0-1

[Event "Match"]
[Site "www.echecsemail.com"]
[Date "2018.11.08"]
[Round "1"]
[White "Guidom"]
[Black "Apdash"]
[WhiteElo "2100"]
[BlackElo "2330"]
[Result "0-1"]
[Round "1"]
1.e4 e5
2.Ng1f3 Nb8c6
3.Bf1b5 Ng8e7
4.c3 a6
5.Bb5a4 b5
6.Ba4b3 d5
7.exd5 Ne7xd5
8.O-O Bc8g4
9.Rf1e1 f6
10.d4 Nd5e7
11.h3 Bg4h5
12.d5 Nc6a5
13.d6 cxd6
14.Bb3e6 Bh5f7
15.Be6xf7 Kxf7
16.b3 g6
17.Bc1b2 Bf8g7
18.Nb1d2 d5
19.Ra1c1 Qd8b6
20.b4 Na5c4
21.Nd2xc4 bxc4
22.a4 Rh8d8
23.Qd1c2 Rd8d7
24.Rc1d1 h6
25.Bb2c1 Ra8d8
26.a5 Qb6c6
27.h4 h5
28.Re1e2 Ne7f5
29.Rd1e1 d4
30.Re2e4 d3
31.Qc2a2 Nf5d6
32.Re4e3 Nd6b5
33.Bc1d2 Bg7h6
34.Re3e4 Bh6xd2
35.Qa2xd2 Nb5d6
36.Re4xe5 Nd6f5
37.Re5c5 Qc6a4
38.Rc5xc4 Qa4c2
39.Qd2f4 d2
40.Re1f1 d1Q
41.Rf1xd1 Qc2xd1
42.Kh2 Qd1d6
{ resign }
0-1

[Event "Tourn. n9962"]
[Site "www.echecsemail.com"]
[Date "2018.11.08"]
[Round "1"]
[White "Roque1"]
[Black "Cal"]
[WhiteElo "1880"]
[BlackElo "1740"]
[Result "0-1"]
[Round "1"]
1.e4 e5
2.Ng1f3 d6
3.Bf1b5 c6
4.Bb5a4 b5
5.Ba4b3 h6
6.O-O Ng8f6
7.d4 exd4
8.Nf3xd4 Bc8g4
9.Qd1d3 Bg4h5
10.Nb1c3 Bf8e7
11.Bc1e3 O-O
12.Nc3e2 Nb8d7
13.Ne2g3 Bh5g6
14.c4 b4
15.Nd4xc6 Qd8e8
16.Nc6xb4 Nd7e5
17.Qd3c2 Bg6h7
18.Ra1d1 a5
19.Nb4d3 Ne5xd3
20.Qc2xd3 a4
21.Bb3c2 Nf6g4
22.Ng3f5 Bh7xf5
23.exf5 Ra8d8
24.Rd1d2 Ng4e5
25.Qd3d5 Kh8
26.Rf1d1 Be7f6
27.Qd5a5 Ne5xc4
28.Bc2xa4 Nc4xb2
29.Ba4xe8 Nb2c4
30.Qa5d5 Nc4xd2
31.Be8xf7 Nd2e4
32.Qd5e6 Ne4c3
33.Rd1xd6 Rd8a8
34.Be3d4 Bf6xd4
35.Rd6xd4 Ra8xa2
36.Qe6e1 Nc3b5
37.Bf7xa2 Nb5xd4
38.Qe1b4 Rf8d8
39.Qb4b6 Nd4e2
40.Kf1 Rd8d2
41.Ba2f7 Ne2f4
42.g3 Rd2d1

0-1

[Event "Tourn. n9945"]
[Site "www.echecsemail.com"]
[Date "2018.11.08"]
[Round "1"]
[White "Osopanda"]
[Black "Yakke"]
[WhiteElo "1840"]
[BlackElo "1750"]
[Result "1-0"]
[Round "1"]
1.e4 e5
2.Ng1f3 d5
3.exd5 Qd8xd5
4.Nb1c3 Qd5a5
5.Bf1c4 Ng8h6
6.O-O Bf8e7
7.d4 exd4
8.Qd1xd4 Nb8c6
9.Qd4xg7 Rh8f8
10.Bc1xh6 Qa5b6
11.Rf1e1 Qb6xb2
12.Nc3d5 Kd8
13.Qg7xb2 Rf8g8
14.Nd5xe7 Nc6xe7
15.Ra1d1 Ke8
16.Qb2f6 Bc8e6
17.Bc4xe6 fxe6
18.Re1xe6 Ra8d8
19.Qf6xe7 
1-0

[Event "Tourn. n9941"]
[Site "www.echecsemail.com"]
[Date "2018.11.08"]
[Round "1"]
[White "Seger"]
[Black "Coolant"]
[WhiteElo "2850"]
[BlackElo "2320"]
[Result "1-0"]
[Round "1"]
1.d4 Ng8f6
2.e3 g6
3.b4 Bf8g7
4.Bc1b2 O-O
5.c4 d6
6.Ng1f3 Nb8d7
7.Bf1e2 Rf8e8
8.O-O c5
9.dxc5 dxc5
10.b5 b6
11.Qd1c2 Bc8b7
12.Rf1d1 Qd8c7
13.Nb1c3 e6
14.Nf3d2 Re8d8
15.a4 h5
16.h3 a5
17.bxa6 Bb7xa6
18.f4 Nd7f8
19.Be2f3 Ra8a7
20.Nc3b5 Ba6xb5
21.cxb5 Nf6d5
22.Bb2xg7 Kxg7
23.Qc2b2 f6
24.Nd2c4 Nd5b4
25.Rd1xd8 Qc7xd8
26.a5 bxa5
27.b6 Ra7e7
28.Ra1xa5 Qd8d3
29.Ra5xc5 Nb4d5
30.b7 Nf8d7
31.Rc5c8 Nd5xe3
32.b8Q Ne3xc4
33.Rc8g8 Kf7
34.Rg8h8 Nd7xb8
35.Qb2xb8 Qd3d4
36.Kh1 Qd4a1
37.Kh2 { resign }
1-0

[Event "Match"]
[Site "www.echecsemail.com"]
[Date "2018.11.08"]
[Round "1"]
[White "Coraza"]
[Black "Caspito"]
[WhiteElo "1790"]
[BlackElo "1820"]
[Result "0-1"]
[Round "1"]
1.e4 e5
2.Ng1f3 Ng8f6
3.Nb1c3 Bf8c5
4.h3 c6
5.Nf3xe5 O-O
6.d4 Bc5b4
7.Bc1d2 Bb4xc3
8.Bd2xc3 Nf6xe4
9.Bf1d3 Ne4xc3
10.bxc3 d6
11.Bd3xh7 Kxh7
12.Qd1d3 Kg8
13.Ne5f3 Rf8e8
14.Kd2 b5
15.h4 Qd8a5
16.Nf3g5 g6
17.h5 Bc8f5
18.Qd3f3 Qa5a4
19.Rh1c1 d5
20.hxg6 Bf5xg6
21.Qf3h3 Qa4c4
22.Qh3f3 Nb8d7
23.Rc1e1 b4
24.Re1e3 bxc3
25.Re3xc3 Qc4xd4
26.Kc1 Re8e1
27.Kb2 Ra8b8
28.Ka3 Qd4b4
{ resign }
0-1

[Event "Match"]
[Site "www.echecsemail.com"]
[Date "2018.11.08"]
[Round "1"]
[White "Calponas"]
[Black "Apdash"]
[WhiteElo "2090"]
[BlackElo "2230"]
[Result "0-1"]
[Round "1"]
1.e4 e5
2.Ng1f3 Nb8c6
3.Bf1b5 Ng8e7
4.O-O d6
5.Rf1e1 a6
6.Bb5f1 Bc8g4
7.h3 Bg4h5
8.c3 Ne7c8
9.d3 Bf8e7
10.Bc1e3 O-O
11.Nb1a3 d5
12.exd5 Qd8xd5
13.Qd1e2 f5
14.Ra1d1 Qd5xa2
15.Na3c4 e4
16.dxe4 fxe4
17.g4 exf3
18.Qe2d3 Bh5g6
19.Qd3d7 Nc8b6
20.Nc4xb6 cxb6
21.Be3xb6 Be7d8
22.Bb6xd8 Ra8xd8
23.Qd7c7 Qa2xb2
24.Bf1c4 Kh8
25.Bc4xa6 Rd8xd1
26.Re1xd1 bxa6
27.Qc7xc6 Qb2e2
28.Rd1a1 Bg6d3
29.Qc6c5 Rf8e8
30.Qc5c6 Bd3b5
31.Qc6c5 Qe2e7
32.Qc5d4 Qe7e5
{ resign }
0-1

[Event "Tourn. n9968"]
[Site "www.echecsemail.com"]
[Date "2018.11.08"]
[Round "1"]
[White "Foxy100"]
[Black "Coolant"]
[WhiteElo "2340"]
[BlackElo "2330"]
[Result "1-0"]
[Round "1"]
1.e4 c5
2.Ng1f3 e6
3.d4 cxd4
4.Nf3xd4 a6
5.Bf1d3 Qd8c7
6.O-O Bf8d6
7.Nd4f3 Nb8c6
8.Nb1d2 Ng8f6
9.c3 b5
10.a4 b4
11.Nd2c4 Bd6c5
12.e5 Nf6d5
13.Bd3e4 Nc6e7
14.Nc4d6 Bc5xd6
15.exd6 Qc7xd6
16.c4 Bc8b7
17.Qd1d4 O-O
18.cxd5 Ne7xd5
19.Bc1d2 a5
20.Nf3e5 Qd6e7
21.Ra1c1 Rf8c8
22.Rf1e1 d6
23.Ne5c6 Rc8xc6
24.Rc1xc6 Bb7xc6
25.Be4xd5 Qe7b7
26.Bd5xc6 Qb7xc6
27.h4 Qc6xa4
28.Qd4xd6 Qa4c2
29.Re1a1 Qc2c8
30.h5 Ra8a6
31.Qd6g3 f6
32.Ra1c1 Qc8d8
33.Rc1c7 Qd8f8
34.Bd2h6 { resign }
1-0

[Event "Tourn. n9991"]
[Site "www.echecsemail.com"]
[Date "2018.11.08"]
[Round "1"]
[White "Bojan"]
[Black "Tonino1"]
[WhiteElo "2000"]
[BlackElo "2120"]
[Result "0-1"]
[Round "1"]
1.e4 d6
2.d4 Ng8f6
3.Nb1c3 c6
4.Bc1g5 g6
5.Bf1e2 Bf8g7
6.e5 dxe5
7.dxe5 Qd8xd1
8.Ra1xd1 Nf6g4
9.Ng1f3 Ng4xe5
10.O-O Ne5xf3
11.Be2xf3 Bc8e6
12.a3 Nb8d7
13.Rd1d2 h6
14.Bg5f4 O-O
15.Rf1d1 Nd7e5
16.Bf3e2 Rf8e8
17.b3 Ne5g4
18.Nc3e4 Be6f5
19.Be2f3 g5
20.Bf4g3 Ng4e5
21.Bf3e2 Bf5xe4
22.f4 gxf4
23.Bg3xf4 Be4f5
24.h3 Ne5g6
25.g4 Bf5xc2
26.Rd2xc2 Ng6xf4
27.Be2f1 Ra8d8
28.Rd1e1 Bg7d4
29.Kh2 e5
30.Kg3 Nf4d5
31.Bf1d3 Nd5e3
32.Rc2e2 Ne3d5
33.Bd3f5 Nd5c3
34.Re2g2 Kh8
35.h4 Nc3d5
36.g5 Nd5e3
37.Rg2f2 Ne3xf5
38.Rf2xf5 Re8g8
39.Kg4 Rd8d7
40.Rf5f6 hxg5
41.Rf6h6 Kg7
42.hxg5 Rd7e7
43.Kf5 Re7e6
44.Rh6h4 Re6g6
45.Rh4g4 Kf8
46.Re1e2 f6
47.Re2g2 Rg6xg5
48.Rg4xg5 Rg8xg5
49.Rg2xg5 fxg5
50.Kxg5 Ke7
{ resign }
0-1